Normal view
MARC view
Entry Personal Name
001 - CONTROL NUMBER
- control field: 77355
003 - CONTROL NUMBER IDENTIFIER
- control field: dpl
005 - DATE AND TIME OF LATEST TRANSACTION
- control field: 20250203162511.0
008 - FIXED-LENGTH DATA ELEMENTS
- fixed length control field: 250203|| aca||aabn | a|a d
040 ## - CATALOGING SOURCE
- Original cataloging agency: dpl
- Transcribing agency: dpl
100 ## - HEADING--PERSONAL NAME
- Personal name: Sridevan ,Srinath
670 ## - SOURCE DATA FOUND
- Source citation: Work cat.: (dpl)208932: Mulla , Dinshaw Fardunji 77354, The Registration Act, 2025
